000 01135nam a2200265 i 4500
003 DO-SdBNP
005 20230821114149.0
007 ta
008 220914e1991 dr |||grc||| 000 0dspa d
040 _aDO-SdBNP
_bspa
_cBNPHU
_erda
082 4 _bF356n,1991
_222
_axxxxx
111 _aFeria Nacional del Libro
_n(XIXª :
_d1991: del 23 al 30 de noviembre :
_cPlaza de la Cultura Juan Pablo Duarte.)
_982367
245 1 0 _aXIX feria nacional del libro Flérida de Nolasco :
_bprograma de actividades /
246 _aDecimo novena feria nacional del libro:
_bhomenaje a Flérida de Nolasco /
264 1 _aSanto Domingo :
_bComisión Organizadora Permanente de la Feria Nacional del Libro,
_c1991.
300 _a[30]páginas
_c22 cm.
336 _2rdacontent
_atexto
_btxt
337 _2rdamedia
_asin mediación
_bn
338 _2rdacarrier
_avolumen
_bnc
590 _aInventariado 2023 / YL
611 4 _aFeria Nacional del Libro
_d(1983:
_cSanto Domingo, República Dominicana)
_xDomingo Moreno Jiménez
_982368
650 4 _aFeria del libro
_xDomingo Moreno Jiménez
_zRepública Dominicana
_982369
910 _aYLockward
942 _2ddc
_cLF2
999 _c54493
_d54493